| 000 | 00434 a2200169 4500 | ||
|---|---|---|---|
| 001 | 178622 | ||
| 020 | _a978-85-359-1389-7 | ||
| 040 | _cMagnum | ||
| 100 | _aPais, Amélia Pinto | ||
| 240 | 1 | 0 |
_aFernando pessoa, o menino da sua mãe _lpor |
| 245 | 1 | 0 | _aFernando pessoa, o menino da sua mãe |
| 300 | _a125 | ||
| 362 | 0 | _a2009 | |
| 440 | 1 | _aCompanhia das Letras | |
| 697 | _aLITERATURA INFANTO-JUVENIL ESTRANGEIRA | ||
| 942 | _cBK | ||
| 999 |
_c178622 _d178622 |
||